Characterization of lithium manganese copper oxide system as a cathode material for lithium ion batteries /
Saved in:
| Main Author: | |
|---|---|
| Format: | Thesis Book |
| Language: | English |
| Published: |
2003.
|
| Subjects: | |
| Tags: |
Add Tag
No Tags, Be the first to tag this record!
|
| LEADER | 00852cam a2200241 a 4500 | ||
|---|---|---|---|
| 001 | u515556 | ||
| 003 | SIRSI | ||
| 008 | 030808s2003 my t 00 10 eng m | ||
| 035 | |a ACY-8139 | ||
| 040 | |a UMM | ||
| 090 | |a TK2945 |b L58Nork | ||
| 100 | 0 | 0 | |a Norlida Kamarulzaman. |
| 245 | 1 | 0 | |a Characterization of lithium manganese copper oxide system as a cathode material for lithium ion batteries / |c Norlida Kamarulzaman. |
| 260 | |c 2003. | ||
| 300 | |a xiv, 213 leaves : |b ill. ; |c 30 cm. | ||
| 502 | |a Thesis (Ph.D.) -- Jabatan Fizik, Fakulti Sains, Universiti Malaya, 2003. | ||
| 504 | |a Bibliography: leaves 204-213. | ||
| 650 | 0 | |a Lithium cells. | |
| 650 | 0 | |a Lithium compounds. | |
| 710 | 2 | 0 | |a Universiti Malaya. |b Jabatan Fizik. |
| 948 | |a 08/08/2003 |b 22/09/2004 | ||
| 596 | |a 1 | ||
| 999 | |a TK2945 L58NORK |w LC |c 1 |i A511138771 |l STACKS |m P01UTAMA |r Y |s Y |t TESIS |u 24/9/2004 | ||
